000 00273nam a22001217a 4500
008 171226b xxu||||| |||| 00| 0 eng d
041 _aeng
080 _a371
100 _a46
101 _aEDU
245 _aA Speaker's Guide text and reference
_cHair, D
942 _2udc
_cBK
999 _c39378
_d39378